00899cam a22003017a 45000010005000000030006000050050017000110080041000280100017000690200018000860200015001040200025001190200022001440350024001660400049001900500009002390820012002481000021002602450047002812600043003283000043003714900044004145050007004585200069004655210018005345210018005526500027005704752FISKH20250512110105.0090519s2009 nyua b 000 1 eng c a 2009436437 a9780756645205 a0756645204 a9780756645212 (pbk.) a0756645212 (pbk.) a(OCoLC)ocn230204924 aBTCTAcBTCTAdBAKERdFTLdWIMdUPZdB2AdDLC aPZ7  a307.76 1 aTaylor, Victoria10aAround town /cwritten by Victoria Taylor. aNew York :bDorling Kindersley,c2009. a32 pages : color illustrations ; 23 cm0 aDK readers. Level 1, Beginining to read aM  a"Explore an exciting and eventful day in the town of LEGO Ville"8 a530 bLexile 8 aM bRaz-Plus  aTransportation vLego